<?xml version="1.0" encoding="UTF-8"?><?xml-stylesheet type="text/xsl" href="static/style.xsl"?><OAI-PMH xmlns="http://www.openarchives.org/OAI/2.0/" xmlns:xsi="http://www.w3.org/2001/XMLSchema-instance" xsi:schemaLocation="http://www.openarchives.org/OAI/2.0/ http://www.openarchives.org/OAI/2.0/OAI-PMH.xsd"><responseDate>2026-06-05T14:36:23Z</responseDate><request verb="GetRecord" identifier="oai:riuma.uma.es:10630/33036" metadataPrefix="marc">https://riuma.uma.es/rest/oai/request</request><GetRecord><record><header><identifier>oai:riuma.uma.es:10630/33036</identifier><datestamp>2026-02-03T11:23:29Z</datestamp><setSpec>com_10630_2254</setSpec><setSpec>col_10630_37953</setSpec></header><metadata><record xmlns="http://www.loc.gov/MARC21/slim" xmlns:dcterms="http://purl.org/dc/terms/" xmlns:doc="http://www.lyncode.com/xoai" xmlns:xsi="http://www.w3.org/2001/XMLSchema-instance" xsi:schemaLocation="http://www.loc.gov/MARC21/slim http://www.loc.gov/standards/marcxml/schema/MARC21slim.xsd">
   <leader>00925njm 22002777a 4500</leader>
   <datafield ind2=" " ind1=" " tag="042">
      <subfield code="a">dc</subfield>
   </datafield>
   <datafield ind2=" " ind1=" " tag="720">
      <subfield code="a">Pastora-Bernal, José Manuel</subfield>
      <subfield code="e">author</subfield>
   </datafield>
   <datafield ind2=" " ind1=" " tag="720">
      <subfield code="a">Hernández-Fernández, Joaquín José</subfield>
      <subfield code="e">author</subfield>
   </datafield>
   <datafield ind2=" " ind1=" " tag="720">
      <subfield code="a">Estebanez Pérez, María José</subfield>
      <subfield code="e">author</subfield>
   </datafield>
   <datafield ind2=" " ind1=" " tag="720">
      <subfield code="a">Molina-Torres, Guadalupe</subfield>
      <subfield code="e">author</subfield>
   </datafield>
   <datafield ind2=" " ind1=" " tag="720">
      <subfield code="a">García López, Francisco José</subfield>
      <subfield code="e">author</subfield>
   </datafield>
   <datafield ind2=" " ind1=" " tag="720">
      <subfield code="a">Martín-Valero, Rocío</subfield>
      <subfield code="e">author</subfield>
   </datafield>
   <datafield ind2=" " ind1=" " tag="260">
      <subfield code="c">2021-04-12</subfield>
   </datafield>
   <datafield ind2=" " ind1=" " tag="520">
      <subfield code="a">Cardio-telerehabilitation (CTR) programs are a supplement or an alternative to hospital rehabilitation programs providing similar benefits to usual hospital and home care. Despite this statement, implementation in the public and private healthcare environment is still scarce and limited. The main objective of this research was to evaluate the efficacy, feasibility, and adherence of a personalized eight-week mHealth telerehabilitation program in low-risk cardiac patients in the hospital of Melilla (Spain). The secondary aims were to investigate patient satisfaction, identify barriers of implementation and adverse events, and assess cost-effectiveness from a health system perspective. A study protocol for a single center prospective controlled trial was conducted at the Regional Hospital of Melilla (Spain), with a sample size of (n = 30) patients with a diagnosis of low-risk CVD with class I heart failure according to NYHA (New York Heart Association). Outcomes of this study, will add new evidence that could support the use of CTR in cardiac patients clinical guidelines.</subfield>
   </datafield>
   <datafield ind1="8" ind2=" " tag="024">
      <subfield code="a">Pastora-Bernal, J.-M.;  Hernández-Fernández, J.-J.;  Estebanez-Pérez, M.-J.;  Molina-Torres, G.; García-López,  F.-J.; Martín-Valero, R. Efficacy,  Feasibility, Adherence and Cost  Effectiveness of a mHealth  Telerehabilitation Program in Low  Risk Cardiac Patients: A Study  Protocol. Int. J. Environ. Res. Public  Health 2021, 18, 4038.</subfield>
   </datafield>
   <datafield ind1="8" ind2=" " tag="024">
      <subfield code="a">1660-4601</subfield>
   </datafield>
   <datafield ind1="8" ind2=" " tag="024">
      <subfield code="a">https://hdl.handle.net/10630/33036</subfield>
   </datafield>
   <datafield ind1="8" ind2=" " tag="024">
      <subfield code="a">10.3390/ijerph18084038</subfield>
   </datafield>
   <datafield tag="653" ind2=" " ind1=" ">
      <subfield code="a">Sistema cardiovascular - Enfermedades</subfield>
   </datafield>
   <datafield tag="653" ind2=" " ind1=" ">
      <subfield code="a">Rehabilitación - Innovaciones tecnológicas</subfield>
   </datafield>
   <datafield tag="653" ind2=" " ind1=" ">
      <subfield code="a">Medicina - Innovaciones tecnológicas</subfield>
   </datafield>
   <datafield tag="653" ind2=" " ind1=" ">
      <subfield code="a">Análisis coste-beneficio</subfield>
   </datafield>
   <datafield tag="653" ind2=" " ind1=" ">
      <subfield code="a">Fisioterapia</subfield>
   </datafield>
   <datafield ind2="0" ind1="0" tag="245">
      <subfield code="a">Efficacy, Feasibility, Adherence and Cost Effectiveness of a mHealth Telerehabilitation Program in Low Risk Cardiac Patients: A Study Protocol.</subfield>
   </datafield>
</record>
</metadata></record></GetRecord></OAI-PMH>